000 00358nam a2200145Ia 4500
003 OSt
008 191201s2013 xx 000 0 und d
100 _aPUNMIA, BC
245 0 _aEnvironmental Engineering Water Supply Engineering
250 _aRep
260 _aN. Delhi
_bLaxmi Publications
_c2013
300 _a584
650 _aB.Tech(CE)
942 _2ddc
_cBK
999 _c5832
_d5832